=LDR 00000nam 2200000 4500 =001 INLIS000000000063805 =005 20240712085528 =035 ##$$a 0010-0724000102 =007 ta =008 240712################g##########0#ind## =020 ##$$a 978-602-313-030-6 =082 ##$$a 371.1 =084 ##$$a 371.1 THO b =100 #$$a Thobroni, M =245 1#$$a Belajar dan pembelajaran : $b Teori dan praktik /$c Thobroni, M; Editor, Meita Sandra =250 ##$$a Cetakan II =260 ##$$a Yogyakarta :$b Ar-Ruz Media,$c 2016 =300 ##$$a 384 halaman ; $c 17 x 24 cm =650 #4$$a Pembelajaran =700 #$$a Meita Sandra =990 ##$$a 13561356